000
00286nam a2200085Ia 4500
008
220204s9999 xx 000 0 und d
082
_a
347.998.4:06.055.5
_b
KER
245
0
_a
Kerala administration report of the labour department industrial tribunals and labour court. 1958-1966
942
_c
BK
999
_c
21987
_d
21987